000 07605namaa22004211i 4500
003 OStEG-GICUC
005 20260211135635.0
008 250827s2025 ua a|||frm||| 000 0 eng d260104b |||||||| |||| 00| 0 eng d
040 _aEG-GICUC
_bara
_cEG-GICUC
_dEG-GICUC
_erda
041 0 _aara
_bara
_beng
049 _aإيداع
082 0 4 _a791.4365204
092 _a791.4365204
_221
097 _aمــــاجستير
099 _acai01.15.01.M.Sc.2025.وس.و
100 0 _a،وسام خالد محمد إبراهيم فراج
_eإعداد.
245 1 0 _aواقع المرأة المصرية في أفلام مخرجي سينما الواقعية الجديدة /
_cإعداد وسام خالد محمد إبراهيم فراج؛ إشراف أ.د/ بسنت مراد فهمي، د/ سارة فوزي أحمد.
246 1 5 _aThe reality of egyptian women of new realism cinema directors' movies /
264 0 _c2025.
300 _a234 ورقة :
_bإيضاحيات ؛
_c30 سم +
_eCD.
336 _atext
_2rda content
337 _aUnmediated
_2rdamedia
338 _avolume
_2rdacarrier
502 _aأطروحة (ماجستير)-جامعة القاهرة، 2025.
504 _aببليوجرافيا: صفحات 206-220.
520 _aساعدت تيارات الواقعية والواقعية الجديدة في السينما على نقل الواقع الاجتماعي من خلال قواعده وسماته المنظمة التي تأثر بها مخرجون عدة على مستوى العالم، فكان لمصر نصيب كبير في مساهمتها في نقل الواقعية تزامنًا مع مشاركتها في صناعة السينما، واتضحت جليًّا هذه المشاركة من قبل المخرجين والمخرجات، بالإضافة للتركيز بقدر كبير في هذه الحقبة الزمنية على ما تعرضت له المرأة من خلال تناول بعض القضايا التي تتناول جوانبها الاجتماعية والاقتصادية والنفسية؛ ومن ثم استهدفت الدراسة تحليل واقع المرأة في أفلام مخرجي ومخرجات سينما الواقعية الجديدة في ثمانينيات وتسعينيات القرن الماضي، ورصد العناصر الفنية والدلالات والإسقاطات التي تعبر عن واقعها وقضاياها، والفرق بين الرؤية الفنية للرجل والمرأة في نقل واقع المرأة، وكيف كان هذا النقل معبرًا عن مشكلاتها وقضاياها الاجتماعية النفسية والاقتصادية، خاصة العنف الذي لا تزال تتعرض له بشقيه المعنوي والمادي. وتم الاعتماد على نظرية السرد واستخدام أسلوب تحليل السرد الكيفي لعينة من الأفلام الروائية للمخرجين والمخرجات في ذلك الوقت التي تتناول واقع المرأة وعددها سبعة أفلام، بالإضافة لكيفية توظيف المخرجين للمرأة كعنصر مهم في تحريك مجرى الأحداث والصراع، وكيف انتهت هذه الأفلام سواء بنهايات مفتوحة أم طرح حل في النهاية أم الاكتفاء بالإشارة للقضية لتوجيه الانتباه. وخلصت الدراسة إلى عدة نتائج، من أهمها: قدرة هؤلاء المخرجين على توظيف العناصر الفنية في نقل واقع المرأة من خلال الإسقاطات واستخدام الكادرات الواقعية المتنوعة التي ساعدت في صياغة السرد البصري، فضلًا عن التصوير الواقعي الذي جاء أغلبه في الشوارع واستغلال عنصر المكان في سياق الأحداث للتعبير عن الطبقات التي تم سردها، والرموز والإسقاطات التي أضفت الصدق والواقعية، وتنوع الموضوعات المثارة في أفلامهم والتي تتماشى مع أي حقبة زمنية أخرى نظرًا لتكرارها، وتصدّر قضية العنف كأبرز القضايا التي تم تناولها في الأفلام سواء العنف المعنوي أو الجسدي من قبل الأقارب أو القانون، وقدرة المخرجين الرجال على نقل واقع المرأة بشكل أكثر عمقًا من المخرجات.
520 _aRealism and Neorealism currents in cinema have contributed to the portrayal of social reality through their organized rules and characteristics, influencing numerous directors worldwide. Egypt, with its significant contribution to the film industry, has played a substantial role in conveying realism. This participation was particularly evident among both male and female directors, with a strong focus during this era on the challenges faced by women. This study aims to analyze the portrayal of women in the films of male and female directors of the Neo-realist cinema in the 1980s and 1990s, identifying the artistic elements, connotations, and projections that reflect their reality and issues. Moreover, it explores the differences between male and female perspectives in conveying women's reality, and how they addressed women's social, psychological, and economic problems, especially the prevalent violence, both physical and psychological. This study employed narrative theory and qualitative narrative analysis to examine a sample of seven feature films directed by male and female directors from that era that addressed women's realities. The analysis focused on how directors utilized women as a pivotal element in driving the plot and conflict, and how these films concluded, whether with open endings, proposed solutions, or simply highlighting the issue to draw attention. The study yielded several key findings. These directors demonstrated a capacity to employ artistic elements to convey the reality of women through projections and diverse realistic shots, contributing to the construction of visual narratives. Moreover, the films often featured realistic on location shooting, leveraging settings to reflect the social strata depicted. The use of symbolism and projections added authenticity and realism. The diverse themes explored in these films remain relevant aligned across different time periods due to their recurrent nature, with violence both psychological and physical, inflicted by family members or the law emerging as the most prominent issue addressed. Interestingly, the study found that male directors tended to portray women's realities with greater depth compared to female directors.
530 _aصدر أيضًا كقرص مدمج.
546 _aالنص بالعربية والملخص باللغة الإنجليزية والعربية.
650 7 _aالمرأة في السينما
_2qrmak
653 0 _aالسينما
_aالسرد
_aالفيلم
700 0 _aبسنت مراد فهمي
_eمشرف أطروحة.
700 0 _aسارة فوزي أحمد
_eمشرف أطروحة.
900 _b14-01-2025
_cبسنت مراد فهمي
_cسارة فوزي أحمد
_dصابر سليمان عسران
_dأيمن عبد الحميد الشيوي
_Uجامعة القاهرة
_Fكلية الإعلام
_Dقسم الإذاعة والتليفزيون
905 _aSara
_eAfaf
942 _2ddc
_cTH
_e21
_n0
999 _c177346